LEADER 01264nam0 22002891i 450 001 UON00097261 005 20231205102538.504 100 $a20020107d1962 |0itac50 ba 101 $aeng 102 $aGB 105 $a|||| 1|||| 200 1 $aˆThe ‰theological tractates ... The consolation of philosophy ... / Anicius Manlius Severinus Boethius 210 $aLondon$cHeinemann ; Cambridge$eMass.$cHarvard University Press$d1962 215 $a p.$d cm 410 1$1001UON00067684$12001 $aˆThe ‰Loeb classical library 620 $aUS$dCambridge (Mass.)$3UONL000262 620 $aGB$dLondon$3UONL003044 700 1$aBOETHIUS$bAnicius Manlius Torquatus Severinus$3UONV062994$0182801 712 $aHarvard University Press$3UONV245793$4650 712 $aHeinemann$3UONV247100$4650 790 0$aBOEZIO$zBOETHIUS, Anicius Manlius Torquatus Severinus$3UONV062174 801 $aIT$bSOL$c20240220$gRICA 899 $aSIBA - SISTEMA BIBLIOTECARIO DI ATENEO$2UONSI 912 $aUON00097261 950 $aSIBA - SISTEMA BIBLIOTECARIO DI ATENEO$dSI T 2 LOEB LAT BOETH $eSI MC 6417 5 996 $aTheological tractates; The consolation of philosophy$9817367 997 $aUNIOR